Consciente

Uloženo v:
Podrobná bibliografie
Hlavní autor: Rosmini, Antonio
Médium: Kniha
Jazyk:Undetermined
Vydáno: Durham, Inglaterra Rosmini House 1989
Témata:
Tagy: Přidat tag
Žádné tagy, Buďte první, kdo vytvoří štítek k tomuto záznamu!

MARC

LEADER 00000nam a2200000Ia 4500
008 170316s9999 xx 000 0 und d
090 |a 100 R-34co 
100 |a Rosmini, Antonio 
245 |a Consciente 
260 |a Durham, Inglaterra 
260 |b Rosmini House 
260 |c 1989 
300 |a 438 páginas 
650 |a FILOSOFÍA 
999 |c 17449  |d 17449 
040 |a cru BVZT 
942 |c 15 D  |h 100 R-34co  |2 z